00290nam a2200121Ia 45000030006000000080041000060400015000471000017000622450051000792600009001305460012001390050017001510STCL150530s9999 xx 000 0 und d aSTCLcSTCL aMishan, E.J. aCost benefit analysis new and expanded edition c1976 aEnglish20220125165543.0